| 000 | 00657nam a2200157 a 4500 | ||
|---|---|---|---|
| 003 | 0 | ||
| 005 | 20250522145955.0 | ||
| 008 | 030519s19uu xx 00 eng d | ||
| 050 |
_aPHS LB 2840 _b.C66 2003 |
||
| 100 | _aConcepcion, Mary Concepcion Lim. | ||
| 245 |
_aFactors that affects the job satisfaction of permanent high school teachers of Southville International School and St. Benedict College / _cMary Concepcion Lim Concepcion. |
||
| 260 |
_aLas PiƱas City, Philippines : _bSouthville International School and Colleges, _c2003. |
||
| 300 |
_a27 pages ; _c28 cm. |
||
| 650 |
_aHigh school teachers _xJob satisfaction _zPhilippines. |
||
| 942 |
_2lcc _cPASS |
||
| 999 |
_c96777 _d96777 |
||